| 000 | 00973cam a2200265 a 4500 | ||
|---|---|---|---|
| 999 |
_c531646 _d531646 |
||
| 001 | 4888795 | ||
| 005 | 20191022182323.0 | ||
| 008 | 930908s1994 flua b 001 0 eng | ||
| 010 | _a 93029292 | ||
| 020 | _a0849348153 (acidfree paper) | ||
| 040 | _cDLC | ||
| 082 | 0 | 0 |
_a620.136 _bCHA |
| 100 | 1 |
_aChandra, Satish, _d1943- _924551 |
|
| 245 | 1 | 0 |
_aPolymers in concrete / _cSatish Chandra, Yoshihiko Ohama. |
| 260 |
_aBoca Raton : _bCRC Preess, _cc1994. |
||
| 300 |
_a204 p. : _bill. ; _c25 cm. |
||
| 504 | _aIncludes bibliographical references and index. | ||
| 650 | 0 |
_aPolymer-impregnated concrete. _921968 |
|
| 650 | 0 |
_aPolymers. _92051 |
|
| 650 | 0 |
_aConcrete. _9564 |
|
| 700 | 1 |
_aOhama, Yoshihiko. _924552 |
|
| 856 | 4 | 2 |
_3Publisher description _uhttp://www.loc.gov/catdir/enhancements/fy0744/93029292-d.html |
| 942 |
_2ddc _cBK |
||